[Event "St Petersburg-ch sf"]
[Site "St Petersburg"]
[Date "2007.02.15"]
[Round "6"]
[White "Kurilov, Viktor"]
[Black "Lovkov, Roman"]
[Result "0-1"]
[WhiteElo "2316"]
[BlackElo "2429"]
[PlyCount "117"]
[EventDate "2007.02.10"]
[EventType "swiss"]
[EventRounds "9"]
[EventCountry "RUS"]
[SourceTitle "EXT 2008"]
[Source "ChessBase"]
[SourceDate "2007.11.25"]
[SourceVersion "1"]
[SourceVersionDate "2007.11.25"]
[SourceQuality "1"]

1. e4 c5 2. Nf3 d6 3. Bb5+ Nd7 4. 0-0 a6 5. Bc4 e6 6. c3 b5 7. Be2 Bb7 8. a4 Bxe4 9. axb5 axb5 10. Rxa8 Qxa8 11. Na3 b4 12. cxb4 cxb4 13. Nb5 Qa5 14. d4 Ngf6 15. Bf4 Bxf3 16. gxf3 Nd5 17. Nxd6+ Bxd6 18. Bxd6 Qb6 19. Qc2 Qxd6 20. Qc8+ Ke7 21. Qxh8 Nf4 22. Bd1 Qxd4 23. Qxh7 Qf6 24. Kh1 g6 25. Qh6 Ne5 26. h4 Ned3 27. Qg5 Qxg5 28. hxg5 Nxb2 29. Bc2 Nbd3 30. Rb1 e5 31. Kh2 Nc5 32. Kg3 Nce6 33. Kg4 Nd4 34. Bb3 Nxb3 35. Rxb3 Nd5 36. f4 exf4 37. Kf3 Kd6 38. Ke4 Kc5 39. Rd3 Nc3+ 40. Ke5 Kc4 41. Rd4+ Kc5 42. Rxf4 b3 43. Rf3 Kb4 44. Rh3 b2 45. Rh1 Kb3 46. f4 Ne2 47. Rb1 Kc2 48. Rh1 Ng3 49. Rh2+ Kc3 50. Rxb2 Kxb2 51. Kd6 Nh5 52. Ke5 Kc3 53. f5 Kd3 54. f6 Ke3 55. Kd6 Kf4 56. Ke7 Kxg5 57. Kxf7 Nxf6 58. Kg7 Kf5 59. Kf7 0-1

[Event "Chigorin Memorial-A 14th"]
[Site "St Petersburg"]
[Date "2006.10.28"]
[Round "7"]
[White "Kurilov, Viktor"]
[Black "Serov, Maksim"]
[Result "0-1"]
[WhiteElo "2338"]
[BlackElo "2268"]
[PlyCount "92"]
[EventDate "2006.10.23"]
[EventType "swiss"]
[EventRounds "9"]
[EventCountry "RUS"]
[SourceTitle "EXT 2007"]
[Source "ChessBase"]
[SourceDate "2006.11.23"]
[SourceVersion "1"]
[SourceVersionDate "2006.11.23"]
[SourceQuality "1"]

1. e4 c5 2. Nf3 e6 3. Nc3 a6 4. g3 b5 5. Bg2 Bb7 6. d3 d6 7. 0-0 Nf6 8. Ne1 Qc7 9. f4 b4 10. Ne2 d5 11. e5 Nfd7 12. c3 bxc3 13. bxc3 Be7 14. Rb1 Nc6 15. d4 g6 16. Kh1 a5 17. c4 dxc4 18. d5 exd5 19. Nc3 Nb4 20. a3 d4 21. Ne4 Nd5 22. Nd6+ Bxd6 23. exd6 Qc8 24. Qe2+ Kf8 25. f5 Bc6 26. fxg6 hxg6 27. Qxc4 N5f6 28. Bg5 Kg7 29. Rb2 Rh5 30. h4 Ra6 31. Rbf2 Bxg2+ 32. Nxg2 Rxd6 33. Nf4 Rh8 34. Kg1 Ne5 35. Qe2 Neg4 36. Bxf6+ Rxf6 37. Rf3 Re8 38. Qb5 Re3 39. Qxa5 Qb7 40. Rxe3 Nxe3 41. Rf2 Qb1+ 42. Kh2 Ng4+ 43. Kg2 Qe4+ 44. Kf1 Qh1+ 45. Ke2 d3+ 46. Nxd3 Qe4+ 0-1

[Event "Chigorin Memorial-A 14th"]
[Site "St Petersburg"]
[Date "2006.10.25"]
[Round "3"]
[White "Gladyszev, Oleg"]
[Black "Kurilov, Viktor"]
[Result "1/2-1/2"]
[WhiteElo "2463"]
[BlackElo "2338"]
[PlyCount "80"]
[EventDate "2006.10.23"]
[EventType "swiss"]
[EventRounds "9"]
[EventCountry "RUS"]
[SourceTitle "EXT 2007"]
[Source "ChessBase"]
[SourceDate "2006.11.23"]
[SourceVersion "1"]
[SourceVersionDate "2006.11.23"]
[SourceQuality "1"]

1. d4 Nf6 2. c4 e6 3. Nc3 d5 4. cxd5 Nxd5 5. e4 Nxc3 6. bxc3 Be7 7. Nf3 0-0 8. Bd3 c5 9. 0-0 cxd4 10. cxd4 b6 11. Bf4 Bb7 12. Rc1 Bd6 13. Bg5 Be7 14. Bxe7 Qxe7 15. Qa4 a6 16. Qb3 Qd8 17. Rfd1 Nd7 18. Bb1 Rc8 19. Rxc8 Qxc8 20. Qa3 Qa8 21. Re1 Qb8 22. e5 Bxf3 23. Qxf3 Rc8 24. Qd3 g6 25. Qxa6 Qc7 26. Qe2 Qc4 27. Qe4 Qc6 28. Qf4 b5 29. h4 Qc3 30. Rd1 Nb6 31. h5 Qb4 32. Qg4 Qe7 33. hxg6 hxg6 34. d5 Nxd5 35. Rxd5 Rc4 36. Rd4 Qb4 37. Rxc4 Qxb1+ 38. Kh2 bxc4 39. Qxc4 Qb2 40. f4 Qf2 1/2-1/2

[Event "Chigorin Memorial-A 14th"]
[Site "St Petersburg"]
[Date "2006.10.25"]
[Round "4"]
[White "Kurilov, Viktor"]
[Black "Solovjov, Sergey"]
[Result "1/2-1/2"]
[WhiteElo "2338"]
[BlackElo "2422"]
[PlyCount "122"]
[EventDate "2006.10.23"]
[EventType "swiss"]
[EventRounds "9"]
[EventCountry "RUS"]
[SourceTitle "EXT 2007"]
[Source "ChessBase"]
[SourceDate "2006.11.23"]
[SourceVersion "1"]
[SourceVersionDate "2006.11.23"]
[SourceQuality "1"]

1. e4 c5 2. Nc3 Nc6 3. g3 h5 4. Bg2 h4 5. d3 d6 6. h3 hxg3 7. fxg3 e5 8. Be3 Nf6 9. Qd2 Nd4 10. 0-0-0 Be7 11. g4 Be6 12. Nd5 Nxd5 13. exd5 Bd7 14. c3 Ba4 15. Rf1 Nc2 16. Nf3 Nxe3 17. Qxe3 Bd7 18. g5 Qa5 19. Kb1 f5 20. Nxe5 dxe5 21. Qxe5 Kd8 22. Qxg7 Re8 23. h4 Qa6 24. Re1 Qxd3+ 25. Ka1 Qg3 26. d6 Bxd6 27. Rxe8+ Bxe8 28. Rd1 Bd7 29. Qg8+ Kc7 30. Qd5 Rb8 31. h5 Qe5 32. g6 Be6 33. Qf3 f4 34. h6 Qf6 35. h7 Be5 36. Re1 Qf5 37. Qe2 Rd8 38. Bf3 Bg7 39. Qxe6 Qxe6 40. Rxe6 Kd7 41. Bg4 Re8 42. Rf6+ Kd8 43. Rd6+ Ke7 44. Re6+ Kd7 45. Rxe8+ Kxe8 46. Kb1 Ke7 47. Bf3 b5 48. Kc2 Kf6 49. Be4 Ke5 50. Bc6 b4 51. cxb4 cxb4 52. Kd3 Kd6 53. Be8 Bxb2 54. Ke4 Be5 55. Bf7 a5 56. Bb3 Bc3 57. Kxf4 Ke7 58. Kf5 Kf8 59. Ke4 Kg7 60. Bf7 a4 61. Kd3 a3 1/2-1/2